TV Couples II Quiz Stats

 Plays Quiz Updated Oct 6, 2016

Also try: TV Couples
Challenge
Share
Tweet
Embed
Score 0/70 Timer 10:00
1 Play Today
% Correct
Jennifer Aniston
82.7%
Lucille Ball
76.5%
Roseanne Barr
75.7%
Helen Hunt
71.4%
Sarah Jessica Parker
70.8%
Tim Allen
68.3%
Ray Romano
65.1%
David Schwimmer
65.1%
John Stamos
63%
Ted Danson
60.5%
John Goodman
59.7%
Bruce Willis
57.4%
Paul Reiser
57%
Debra Messing
56.6%
Desi Arnaz
54%
Kevin James
51.3%
Katie Holmes
49.9%
David Duchovny
49.8%
Florence Henderson
48.1%
Teri Hatcher
45.6%
Fred Savage
45.4%
Penny Marshall
45.4%
Eva Gabor
43.5%
Shelley Long
41.7%
Gillian Anderson
41.2%
Carroll O'Connor
41%
Jackie Gleason
40.5%
Barbara Eden
39%
Chris Noth
38.6%
Elizabeth Montgomery
38.2%
Dean Cain
38.1%
Jenna Elfman
37%
Cybill Shepherd
36%
Larry Hagman
35.7%
Patricia Heaton
35.6%
% Correct
Ed O'Neill
34.5%
Jack Klugman
33.9%
Tiffani-Amber Thiessen
33.4%
Dick York
32.8%
Luke Perry
32.6%
Suzanne Somers
32%
Don Adams
32%
Joshua Jackson
31.9%
Katey Sagal
31.8%
Leah Remini
31%
Tony Randall
30.6%
John Krasinski
30.6%
Lori Loughlin
29.3%
Shannen Doherty
29%
Mark-Paul Gosselaar
28.6%
Eric McCormack
28.5%
Cindy Williams
28.3%
Jean Stapleton
28%
Patrick Duffy
27.4%
Lauren Graham
27.3%
Robert Reed
26.6%
Jenna Fischer
26.5%
David Soul
22.3%
Alexis Bledel
22%
Eddie Albert
20.5%
Richard Karn
19.3%
Paul Michael Glaser
19.1%
Danica McKellar
18.8%
Barbara Feldon
17.8%
Julie Kavner
17.4%
Audrey Meadows
15.5%
Dan Castellaneta
15.1%
Robert Young
14.8%
Thomas Gibson
13%
Jane Wyatt
7.4%

You're not logged in!

Compare scores with friends on all Sporcle quizzes.
OR
Log In

You Might Also Like...

Show Comments

Extras

Top Quizzes Today


Score Distribution

Your Account Isn't Verified!

In order to create a playlist on Sporcle, you need to verify the email address you used during registration. Go to your Sporcle Settings to finish the process.

Report this User

Report this user for behavior that violates our Community Guidelines.

Details: